Fisiología y bioquímica de la célula

Uloženo v:
Podrobná bibliografie
Hlavní autor: McElroy, William David (autor)
Médium: Kniha
Jazyk:španělština
Vydáno: Ciudad de México UTEHA 1967
Edice:Manuales UTEHA, 245. Sección 4: Ciencias Naturales
Témata:
Tagy: Přidat tag
Žádné tagy, Buďte první, kdo vytvoří štítek k tomuto záznamu!

MARC

LEADER 00000nam a2200000 a 4500
001 UCU4033
003 CL-VaPUC
008 960517e19670000MX |||||||||||||||||spa|d
082 0 4 |a 571.6  |b MCE  |2 21 
100 |a McElroy, William David  |e autor  |9 361381 
245 1 0 |a Fisiología y bioquímica de la célula 
300 |a 197 p 
942 |c BK 
945 |d 19960517 00:00:00  |a cmena 
260 |a Ciudad de México  |b UTEHA  |c 1967 
650 0 |a Citología  |9 261432 
650 0 |a Biología molecular  |9 269677 
650 7 |a CITOQUIMICA  |2 CL-VaPUC  |9 261426 
650 0 |a Biotecnología   |9 259561 
650 0 |a Bioquímica   |9 259492 
650 0 |a Enzimas  |9 262984 
650 7 |a PROTEINAS  |2 CL-VaPUC  |9 361382 
650 0 |a Metabolismo  |9 259893 
650 7 |a ENERGIA FISICA  |2 CL-VaPUC  |9 357667 
583 |a last modification  |c 19960517 00:00:00  |k Rodrigo Vera 
490 0 |a Manuales UTEHA, 245. Sección 4: Ciencias Naturales 
999 |c 247863  |d 247861 
952 |0 0  |1 0  |4 0  |6 571_600000000000000_MCE_1967  |7 0  |8 A  |9 264065  |a BIBING  |b BIBING  |d 2019-11-19  |i 1665219  |o 571.6 MCE 1967  |p 1665219  |r 2025-01-20  |w 2019-11-19  |y BK  |k EIQ